Những bí ẩn quanh ta Bầu trời, biển cả, con người và sinh vật
Spremljeno u:
| Glavni autor: | |
|---|---|
| Format: | Knjiga |
| Jezik: | Undetermined |
| Izdano: |
H.
KHKT
2001
|
| Teme: | |
| Oznake: |
Dodaj oznaku
Bez oznaka, Budi prvi tko označuje ovaj zapis!
|
| Thư viện lưu trữ: | Trung tâm Học liệu Trường Đại học Cần Thơ |
|---|
| LEADER | 00540nam a2200193Ia 4500 | ||
|---|---|---|---|
| 001 | CTU_52347 | ||
| 008 | 210402s9999 xx 000 0 und d | ||
| 020 | |b 17000 | ||
| 082 | |a 001.94 | ||
| 082 | |b Kh452 | ||
| 100 | |a Phạm Văn Khôi | ||
| 245 | 0 | |a Những bí ẩn quanh ta | |
| 245 | 0 | |b Bầu trời, biển cả, con người và sinh vật | |
| 245 | 0 | |c Phạm Văn Khôi | |
| 260 | |a H. | ||
| 260 | |b KHKT | ||
| 260 | |c 2001 | ||
| 650 | |a knowledge | ||
| 980 | |a Trung tâm Học liệu Trường Đại học Cần Thơ | ||